=LDR 00000nam 2200000 4500 =001 NUTBA000000000000540 =005 20230328084904 =035 ##$$a 0010-031400000000539 =008 230328################g##########0#ind## =020 ##$$a 978-602-217-258-1 =082 ##$$a 370.114 =090 ##$$a 370.114 Tho m =100 ##$$a Lickona Thomas =245 1#$$a Educating For Character : $b Mendidik Untuk Membentuk Karakter /$c Thomas Lickona =250 ##$$a Ed.I =260 ##$$a Jakarta :$b Bumi Aksara,$c 2012 =300 ##$$a xxxii, 600 hlm ; $c 23 cm =084 ##$$a 370.114 LIC e =500 ##$$a Biografi Hal 595-596 =990 ##$$a 91552/BPAP-NTB/2014 =990 ##$$a 93364/BPAP-NTB/2014 =990 ##$$a 93482/BPAP-NTB/2014 =990 ##$$a 93902/BPAP-NTB/2014 =990 ##$$a 94526/BPAP-NTB/2014 =990 ##$$a 94527/BPAP-NTB/2014 =990 ##$$a 21194824/BPAP-NTB/2014 =990 ##$$a 21194826/BPAP-NTB/2014 =990 ##$$a 21195043/BPAP-NTB/2014 =990 ##$$a 21195608/BPAP-NTB/2014 =990 ##$$a 21196348/BPAP-NTB/2014 =990 ##$$a 21400511/BPAP-NTB/2014 =990 ##$$a 0001/BPAP-NTB/20142014 =990 ##$$a 0001/BPAP-NTB/20142015 =990 ##$$a 0001/BPAP-NTB/20142015 =990 ##$$a 2090100468/BPAP-NTB/2015 =990 ##$$a 2090100725/BPAP-NTB/2015 =990 ##$$a 2090101216/BPAP-NTB/2015 =990 ##$$a 21602230/BPAP-NTB/2017 =990 ##$$a 21302934 =990 ##$$a 91552/BPAP-NTB/2014 =990 ##$$a 93364/BPAP-NTB/2014 =990 ##$$a 93482/BPAP-NTB/2014 =990 ##$$a 93902/BPAP-NTB/2014 =990 ##$$a 94526/BPAP-NTB/2014 =990 ##$$a 94527/BPAP-NTB/2014 =990 ##$$a 21194824/BPAP-NTB/2014 =990 ##$$a 21194826/BPAP-NTB/2014 =990 ##$$a 21195608/BPAP-NTB/2014 =990 ##$$a 21196348/BPAP-NTB/2014 =990 ##$$a 21400511/BPAP-NTB/2014 =990 ##$$a 0001/BPAP-NTB/20142014 =990 ##$$a 0001/BPAP-NTB/20142015 =990 ##$$a 0001/BPAP-NTB/20142015 =990 ##$$a 2090100468/BPAP-NTB/2015 =990 ##$$a 2090100725/BPAP-NTB/2015 =990 ##$$a 2090101216/BPAP-NTB/2015 =990 ##$$a 21602230/BPAP-NTB/2017 =990 ##$$a 21305997 =990 ##$$a 91552/BPAP-NTB/2014 =990 ##$$a 93364/BPAP-NTB/2014 =990 ##$$a 93482/BPAP-NTB/2014 =990 ##$$a 93902/BPAP-NTB/2014 =990 ##$$a 94526/BPAP-NTB/2014 =990 ##$$a 94527/BPAP-NTB/2014 =990 ##$$a 21194824/BPAP-NTB/2014 =990 ##$$a 21302934 =990 ##$$a 21195608/BPAP-NTB/2014 =990 ##$$a 21196348/BPAP-NTB/2014 =990 ##$$a 21400511/BPAP-NTB/2014 =990 ##$$a 0001/BPAP-NTB/20142014 =990 ##$$a 0001/BPAP-NTB/20142015 =990 ##$$a 0001/BPAP-NTB/20142015 =990 ##$$a 2090100468/BPAP-NTB/2015 =990 ##$$a 2090100725/BPAP-NTB/2015 =990 ##$$a 2090101216/BPAP-NTB/2015 =990 ##$$a 21602230/BPAP-NTB/2017